MDQL
is popping MORE tags! Check the
thread
!
Quizzes
Events
Quiz Creation
Community
Videos
Private Events
Remove Ads
Sign In
Join for FREE
Feedback
Dark Mode
Quiz Categories
Sports
Geography
Music
Movies
Television
Just For Fun
Miscellaneous
History
Literature
Language
Science
Gaming
Entertainment
Religion
Holiday
For Kids
Quiz Lab
Recent
Popular Today
Quiz Kudos Today
Editor Picks
Curator Picks
Quizzes by...
Day
Popularity
Type
Ratings
Length
Year
Community
Subscriptions
Recent Discussions
Orange Saloon
Badges
Playlists
Quests
Create
Leaderboards
Showdown
Live 5
Trivia Bingo
Activity
Puzzle Library
Sporcle Events
Private Events
Virtual Trivia
Globe League
Become a Host
Pub Owners
SporcleCon
Opinionation
Our Games
Videos
Blog
Mobile Apps
Partnerships
Remove Ads and Go Orange
Feedback
Television
TV Characters
TV Show
Sitcom
Network
Friends
Reality Shows
Cast
South Park
Star Trek
The Simpsons
Doctor Who
Television
TV Characters
TV Show
Sitcom
Network
Friends
Reality Shows
Cast
South Park
Star Trek
The Simpsons
Doctor Who
Random Quiz
Search Sporcle
×
Quiz Lab
Quiz Lab
Television
Season 5
Type in answers that appear in a list
Type in answers that appear in a list
Classic
Best Score? Go Orange.
Happy Days Episodes Season 5 Stats
Can you name the Happy Days Episodes from Season 5?
By
VideoGameSay
12m
27 Questions
18 Plays
18 Plays
18 Plays
Comments
Comments
Give Quiz Kudos
Give Quiz Kudos
-
- Ratings
hide this ad
Replay
Link that replays current quiz
Next Quiz
Link to next quiz in quiz playlist
You Got
0%
They Got
Avg Score
64%
Avg Friend Score
Upgrade to see
Score Distribution
Jump to the score distribution portion of the page
Score
0/27
Timer
12:00
0
Plays Today
% Correct
Hollywood Part 1
94.4%
Hollywood Part 2
94.4%
Hollywood Part 3
94.4%
My Cousin the Cheat
94.4%
Hard Cover
77.8%
Potsie Gets Pinned
72.2%
Our Gang
72.2%
My Favorite Orkan
72.2%
The Apartment
66.7%
Marion's Misgivings
66.7%
Fonsillectomy
61.1%
Joanie's First Kiss
61.1%
Richie Almost Dies
61.1%
Spunkless Spunky
61.1%
% Correct
Be My Valentine
61.1%
Fonzie and Leather Tuscadero Part 1
55.6%
Fonzie and Leather Tuscadero Part 2
55.6%
Bye Bye Blackball
55.6%
Nose for News
55.6%
Fonzie For the Defense
55.6%
My Fair Fonzie
50%
Requiem for a Malph
50%
Grandpa's Visit
50%
Do You Want to Dance?
50%
Second Wind
50%
Rules to Date By
50%
The Fourth Anniversary Show
44.4%
Quiz Playlist
Details
Report
Send in Message
Add To Playlist
Classic:
Type in answers that appear in a list
Last Updated: Feb 16, 2017
Quiz Scoreboard
CHALLENGE
Sign Up to Join the Scoreboard
Show All
Scores
Hide
Comments
May contain spoilers
Recently Published
Two Season TV Shows II
by 123Four
Television
10m
Image Sorting: Flags VI
by Barbecue
Geography
2m
Find the 'City' Movie
by crazypaving
Movies
60s
More to Explore
Quiz From the Vault
Featured Blog Post
14 Easter Pick-up Lines to Find Eggs With
hide this ad
You Might Also Like...
Tags
episode
Happy
Happy Days
season
Season 5
Today's Top Quizzes in Television
Browse Television
hide this ad
Today's Top Quizzes in Season 5
Browse Season 5
Top Contributed Quizzes in Television
1
Survivor Journey Challenge
2
Adjectives in 00s TV Shows
3
Brooklyn Nine Nine Logic Puzzle (How-To-Play)
4
Even More Two Season TV Shows
5
Total Drama Characters
6
Survivor Logic Puzzle: Heroes vs. Villains
7
Adjectives in 10s TV Shows
8
Survivor Heroes vs. Villains Logic Puzzle
9
Phoebe Buffay Quotes
10
Survivor Seasons
Explore More
Trending Topics
Disney
Marvel
Harry Potter
Kpop
NBA
Anime
Crossword
Country
The Office
Pokémon
NFL
Soccer
Puzzle
Song
WWE
hide this ad
More By:
VideoGameSay
Quiz
Plays
Rating
Category
Featured
Created
All Degrassi Characters (DJH-DTNG)
648
Television
Aug 31, 2013
Name the Deaths in the Friday the 13th Series
530
Movies
Mar 15, 2014
Judas Priest Songs off Turbo
67
Music
Feb 28, 2012
Can You Name all the Episodes of Dynasty?
65
Television
Jan 11, 2014
Brady Bunch Episodes Season 5
53
Television
Feb 23, 2012
Go to Creator's Profile
Score Distribution
Quiz Creator Spotlight
VideoGameSay
Follow
Send a Message
Quizzes Created
-
Created Quiz Play Count
-
More By This Creator
Popular Quizzes Today
1
Find the US States - No Outlines Minefield
2
Colored Red Africa Blitz
3
Find the 'City' Movie
4
5x2 Blitz: Bands
5
The Countries of the World
6
Find the Countries of Europe - No Outlines Minefield
7
Find the US States
8
US States
More Television Quizzes
SpongeBob Themed Trivia
Curator's Pick
Trending Quizzes
Colored Red Europe Blitz I
Colored Red Africa Blitz II
Colored Red Europe Blitz II
Colored Red Europe Blitz III
Colored Red Africa Blitz III
Recently Updated
How Do You Spell That?
pecheneg
Godzilla Movies
pecheneg
Grab Bag: 4-10 Letters
pecheneg
2024 March Madness Bracket
pecheneg
Famous TV Couples
Peacemaker
Champions League XIs: Real Madrid
pecheneg
Largest US Cities 1790-2010
pecheneg
Rides in Walt Disney World
pecheneg
Most Oscar Losses (Acting)
pecheneg
Beyoncé Albums
pecheneg
Trending Topics
NBA
Crossword
Anime
Kpop
Disney
Marvel
Harry Potter
NFL
Country
Pokémon
The Office
Soccer
Puzzle
Song
WWE
Your Account Isn't Verified!
In order to create a playlist on Sporcle, you need to verify the email address you used during registration. Go to your
Sporcle Settings
to finish the process.
Report this User
Report this user for behavior that violates our
Community Guidelines
.
Details:
Send Report
Go to the Sporcle.com Mobile Site →
Comments